000 00696nam a2200217Ia 4500
005 20241129120111.0
008 241129s9999||||xx |||||||||||||| ||und||
020 _a9783031307003
037 _aTB
040 _aSDCL
_beng
_cSDCL
041 _aeng
_2eng
084 _aD6,8(B),22:3, R3
_qSDCL
100 _aEmrouznejad Ali; Petridis Konstantinos; Charles Vincent
_9729136
245 0 _aData Envelopment Analysis with GAMS: A Handbook on productivity analysis and performance measurement
260 _aCham
_bSpringer
_c2023
300 _axiii,153p.
365 _aEUR
_b119.99
650 _aOperational Research
942 _cTB
_hD6,8(B),22:3, R3
999 _c1233337
_d1233337